| 000 | 00732nam a2200229Ia 4500 | ||
|---|---|---|---|
| 001 | 17640 | ||
| 003 | GE_BSU | ||
| 008 | 181216s||||||||xx |||||||||||||| ||und|| | ||
| 040 | _cGE_BSU | ||
| 080 | _a82-93:821.353.1-1 | ||
| 100 | _aმღვიმელი,შიო | ||
| 245 | _aსაბავშვო ლექსები:ტ.III | ||
| 245 | _cრედ.:ე.ქარელიშვილი;მხატვ.:მ.დაუშვილი | ||
| 260 | _aთბილისი | ||
| 260 | _bკომუნისტი | ||
| 260 | _c1953 | ||
| 300 | _a231გვ.;20სმ | ||
| 300 | _e1ფ.პორტრ. | ||
| 653 | _aლექსები | ||
| 653 | _aსაბავშვო ლექსები | ||
| 942 | _cBK | ||
| 999 |
_c50689 _d50689 |
||